[Event "Muensterland Regionalliga 1819"]
[Site "Germany"]
[Date "2018.12.01"]
[Round "4.3"]
[White "Virnyi, Julius"]
[Black "Graelken, Matthias"]
[Result "1/2-1/2"]
[WhiteElo "2039"]
[BlackElo "2023"]
[PlyCount "39"]
[EventDate "2018.09.08"]
[EventType "team-tourn"]
[EventRounds "9"]
[EventCountry "GER"]
[SourceTitle "EXT 2020"]
[Source "ChessBase"]
[SourceDate "2019.10.17"]
[SourceVersion "1"]
[SourceVersionDate "2019.10.17"]
[SourceQuality "1"]
[WhiteTeam "Muenster III"]
[BlackTeam "Steinfurt"]
[WhiteTeamCountry "GER"]
[BlackTeamCountry "GER"]

1. d4 Nf6 2. c4 c5 3. Nf3 cxd4 4. Nxd4 b6 5. Nc3 Bb7 6. f3 d6 7. e4 a6 8. Be2 e6 9. 0-0 Be7 10. Be3 0-0 11. Qd2 Nbd7 12. Rac1 Rc8 13. Rfd1 Qc7 14. Kh1 Qb8 15. Bf1 Rfe8 16. a3 Bd8 17. Bg1 Kh8 18. b4 Rg8 19. Nb3 Bc7 20. Qg5 1/2-1/2

[Event "Muensterland Verbandsliga 1718"]
[Site "Germany"]
[Date "2018.05.05"]
[Round "9.1"]
[White "Graelken, Matthias"]
[Black "Bernink, Henk"]
[Result "0-1"]
[WhiteElo "2043"]
[BlackElo "2102"]
[PlyCount "106"]
[EventDate "2017.09.09"]
[EventType "team-tourn"]
[EventRounds "9"]
[EventCountry "GER"]
[SourceTitle "EXT 2019"]
[Source "ChessBase"]
[SourceDate "2018.10.10"]
[SourceVersion "1"]
[SourceVersionDate "2018.10.10"]
[SourceQuality "1"]
[WhiteTeam "Steinfurt"]
[BlackTeam "Metelen"]
[WhiteTeamCountry "GER"]
[BlackTeamCountry "GER"]

1. c4 e5 2. g3 Nc6 3. Nc3 g6 4. Bg2 Bg7 5. d3 d6 6. e4 Nge7 7. Nge2 Be6 8. Nd5 Nd4 9. Nxd4 exd4 10. Bg5 Bxd5 11. cxd5 f6 12. Bf4 Qd7 13. h4 0-0-0 14. Rc1 Kb8 15. Bh3 f5 16. Qc2 Rdf8 17. b4 h6 18. Bd2 Bf6 19. h5 g5 20. Bxf5 Nxf5 21. exf5 Qxf5 22. Qxc7+ Ka8 23. 0-0 Be5 24. Rce1 Rc8 25. Qa5 Rhf8 26. b5 b6 27. Qa3 Qf3 28. Rxe5 dxe5 29. d6 e4 30. d7 Rcd8 31. Qd6 e3 32. Bb4 e2 33. Qc6+ Qxc6 34. bxc6 exf1Q+ 35. Kxf1 Rf7 36. c7 Rfxd7 37. cxd8Q+ Rxd8 38. g4 a5 39. Be7 Rd7 40. Bf8 Rh7 41. a4 Kb7 42. Ke2 Kc6 43. f4 Rf7 44. Bxh6 Rxf4 45. Bxg5 Rxg4 46. Bc1 Rh4 47. h6 b5 48. axb5+ Kxb5 49. Kf3 a4 50. Kg3 Rh1 51. Bg5 a3 52. Bh4 a2 53. h7 Rxh4 0-1

[Event "Muensterland Verbandsliga 1718"]
[Site "Germany"]
[Date "2018.01.20"]
[Round "5.1"]
[White "Graelken, Matthias"]
[Black "Schulze Schwering, Philipp"]
[Result "1/2-1/2"]
[WhiteElo "2043"]
[BlackElo "2112"]
[PlyCount "48"]
[EventDate "2017.09.09"]
[EventType "team-tourn"]
[EventRounds "9"]
[EventCountry "GER"]
[SourceTitle "EXT 2019"]
[Source "ChessBase"]
[SourceDate "2018.10.10"]
[SourceVersion "1"]
[SourceVersionDate "2018.10.10"]
[SourceQuality "1"]
[WhiteTeam "Steinfurt"]
[BlackTeam "Borken"]
[WhiteTeamCountry "GER"]
[BlackTeamCountry "GER"]

1. c4 Nf6 2. g3 e6 3. Nf3 d5 4. b3 c5 5. Bg2 Nc6 6. 0-0 d4 7. e3 Be7 8. exd4 cxd4 9. Re1 0-0 10. a3 a5 11. Ne5 Nxe5 12. Rxe5 Nd7 13. Re1 Nc5 14. d3 Qb6 15. b4 axb4 16. Bb2 Rd8 17. axb4 Rxa1 18. Bxa1 Qxb4 19. Re2 Na4 20. Ra2 Nc3 21. Nxc3 dxc3 22. Qc2 Bf6 23. Ra4 Qd6 24. Bxc3 Bd7 1/2-1/2

[Event "Muensterland Verbandsliga 1718"]
[Site "Germany"]
[Date "2017.12.09"]
[Round "4.1"]
[White "Schulz, Stefan"]
[Black "Graelken, Matthias"]
[Result "0-1"]
[WhiteElo "1885"]
[BlackElo "2043"]
[PlyCount "76"]
[EventDate "2017.09.09"]
[EventType "team-tourn"]
[EventRounds "9"]
[EventCountry "GER"]
[SourceTitle "EXT 2019"]
[Source "ChessBase"]
[SourceDate "2018.10.10"]
[SourceVersion "1"]
[SourceVersionDate "2018.10.10"]
[SourceQuality "1"]
[WhiteTeam "Muenster SK IV"]
[BlackTeam "Steinfurt"]
[WhiteTeamCountry "GER"]
[BlackTeamCountry "GER"]

1. d4 Nf6 2. Nf3 e6 3. g3 b6 4. c4 Bb7 5. Bg2 Be7 6. 0-0 0-0 7. Nc3 Ne4 8. Bd2 Bf6 9. Qc2 Nxd2 10. Qxd2 c5 11. e4 cxd4 12. Nxd4 a6 13. Rac1 d6 14. Rfd1 Be7 15. Qe2 Nd7 16. Nf3 Qc7 17. b3 Rfe8 18. h4 Rac8 19. Qe3 Nf6 20. Ne1 Bf8 21. Nd3 h6 22. Na4 Nd7 23. Nc3 Qb8 24. Nf4 Ba8 25. Kh1 Ne5 26. Nd3 Nd7 27. Nf4 Nf6 28. f3 b5 29. Bf1 bxc4 30. Bxc4 Bb7 31. Be2 d5 32. exd5 exd5 33. Qd3 d4 34. Nb1 Re3 35. Qxd4 Rxe2 36. Rxc8 Qxc8 37. Nxe2 Bxf3+ 38. Kg1 Bc5 0-1

[Event "Muensterland Regionalliga 1617"]
[Site "Germany"]
[Date "2017.04.08"]
[Round "8.3"]
[White "Graelken, Matthias"]
[Black "Beutelhoff, Josef"]
[Result "1-0"]
[WhiteElo "2021"]
[BlackElo "1982"]
[PlyCount "99"]
[EventDate "2016.09.17"]
[EventType "team"]
[EventRounds "9"]
[EventCountry "GER"]
[SourceTitle "EXT 2018"]
[Source "ChessBase"]
[SourceDate "2017.10.13"]
[SourceVersion "1"]
[SourceVersionDate "2017.10.13"]
[SourceQuality "1"]
[WhiteTeam "Steinfurt"]
[BlackTeam "Olfen"]
[WhiteTeamCountry "GER"]
[BlackTeamCountry "GER"]

1. d4 Nf6 2. Bg5 d5 3. Bxf6 exf6 4. e3 c6 5. Ne2 Bd6 6. g3 0-0 7. Bg2 f5 8. 0-0 Nd7 9. b3 Nf6 10. c4 Be6 11. Qd3 g6 12. Nbc3 a6 13. c5 Bc7 14. b4 Qe7 15. Rfc1 Ne4 16. a4 b6 17. cxb6 Bxb6 18. Rab1 Rfb8 19. Qd1 Qd7 20. Nf4 Bc7 21. Nd3 Bd6 22. a5 Nxc3 23. Rxc3 Qe8 24. Bf1 Bc8 25. Qc2 Bb7 26. Nc5 Bc8 27. Rcb3 Ra7 28. Bd3 Qe7 29. Qe2 Rba8 30. Na4 Rb8 31. Nc5 Rba8 32. Rc3 Qc7 33. Qd2 Rb8 34. Rcb3 h5 35. Bf1 h4 36. Na4 hxg3 37. hxg3 Kg7 38. Kg2 Qe7 39. Nc5 Qc7 40. Bd3 Qe7 41. Qe2 Rba8 42. Rh1 Rb8 43. Rbb1 Rba8 44. Rh4 Qc7 45. Rbh1 Rb8 46. Qd2 Be7 47. Rh8 Bb7 48. R1h7+ Kf6 49. Rxb8 Qxb8 50. Nd7+ 1-0

[Event "Muensterland Regionalliga 1617"]
[Site "Germany"]
[Date "2016.12.03"]
[Round "4.3"]
[White "Ollech, Dirk"]
[Black "Graelken, Matthias"]
[Result "0-1"]
[WhiteElo "1921"]
[BlackElo "2021"]
[PlyCount "104"]
[EventDate "2016.09.17"]
[EventType "team"]
[EventRounds "9"]
[EventCountry "GER"]
[SourceTitle "EXT 2018"]
[Source "ChessBase"]
[SourceDate "2017.10.13"]
[SourceVersion "1"]
[SourceVersionDate "2017.10.13"]
[SourceQuality "1"]
[WhiteTeam "Muenster SK III"]
[BlackTeam "Steinfurt"]
[WhiteTeamCountry "GER"]
[BlackTeamCountry "GER"]

1. d4 Nf6 2. Nf3 e6 3. g3 b6 4. Bg2 Bb7 5. 0-0 c5 6. c4 cxd4 7. Nxd4 Bxg2 8. Kxg2 Qc8 9. b3 Qb7+ 10. f3 a6 11. e4 d6 12. Nc3 Be7 13. Be3 0-0 14. Qd2 Rc8 15. a4 Nc6 16. Nxc6 Rxc6 17. Ne2 Rd8 18. Nf4 Rcc8 19. Qf2 Nd7 20. Rad1 Re8 21. Nd3 Bd8 22. Bf4 Bc7 23. Rfe1 b5 24. axb5 axb5 25. cxb5 Qxb5 26. b4 Bb6 27. Qe2 Rc3 28. Rc1 Rxc1 29. Bxc1 d5 30. exd5 Qxd5 31. Be3 Ra8 32. Rd1 Bxe3 33. Qxe3 Ra2+ 34. Kg1 h6 35. Nf2 Qb7 36. Qe4 Qc7 37. Qd3 Qb6 38. Qd4 Qxd4 39. Rxd4 Ne5 40. Kg2 Rb2 41. Rd8+ Kh7 42. Rd4 g5 43. h3 Kg6 44. f4 Nc6 45. Rc4 Nxb4 46. Kf3 Rb3+ 47. Kg2 Nd5 48. Ng4 f6 49. Rd4 h5 50. Nf2 gxf4 51. gxf4 Kf5 52. Nd3 Rxd3 0-1

[Event "Muensterland Regionalliga 1617"]
[Site "Germany"]
[Date "2016.11.19"]
[Round "3.3"]
[White "Graelken, Matthias"]
[Black "Wewers, Reinhard"]
[Result "1-0"]
[WhiteElo "2021"]
[BlackElo "2024"]
[PlyCount "35"]
[EventDate "2016.09.17"]
[EventType "team"]
[EventRounds "9"]
[EventCountry "GER"]
[SourceTitle "EXT 2018"]
[Source "ChessBase"]
[SourceDate "2017.10.13"]
[SourceVersion "1"]
[SourceVersionDate "2017.10.13"]
[SourceQuality "1"]
[WhiteTeam "Steinfurt"]
[BlackTeam "Duelmen"]
[WhiteTeamCountry "GER"]
[BlackTeamCountry "GER"]

1. d4 c5 2. d5 Nf6 3. Bg5 Qb6 4. Nc3 Qxb2 5. Bd2 Qb6 6. e4 d6 7. f4 e6 8. Rb1 Qd8 9. Bb5+ Bd7 10. dxe6 fxe6 11. Bc4 Nc6 12. Rxb7 Nd4 13. Nf3 Nxf3+ 14. Qxf3 Bc6 15. Bb5 Qc8 16. e5 Bxb5 17. exf6 Bc6 18. Qh5+ 1-0

[Event "Muensterland Regionalliga 1516"]
[Site "Germany"]
[Date "2016.02.27"]
[Round "7.3"]
[White "Graelken, Matthias"]
[Black "Kolakovic, Klaudio"]
[Result "0-1"]
[WhiteElo "2018"]
[BlackElo "1991"]
[PlyCount "80"]
[EventDate "2015.09.05"]
[EventType "team"]
[EventRounds "9"]
[EventCountry "GER"]
[SourceTitle "EXT 2017"]
[Source "ChessBase"]
[SourceDate "2016.10.25"]
[SourceVersion "1"]
[SourceVersionDate "2016.10.25"]
[SourceQuality "1"]
[WhiteTeam "Steinfurt"]
[BlackTeam "Suedlohn"]
[WhiteTeamCountry "GER"]
[BlackTeamCountry "GER"]

1. d4 Nf6 2. Nf3 d6 3. c4 Bg4 4. Nc3 Bxf3 5. gxf3 Nc6 6. d5 Ne5 7. e4 g6 8. Be2 Bg7 9. f4 Ned7 10. Be3 c5 11. Qd2 Qa5 12. h4 0-0-0 13. 0-0-0 Ne8 14. h5 Bxc3 15. bxc3 Nef6 16. Qc2 gxh5 17. f3 Rhg8 18. Rdg1 Kb8 19. Bf2 Rxg1+ 20. Rxg1 Rg8 21. Rxg8+ Nxg8 22. Bf1 a6 23. Kd2 Kc7 24. Bh4 f5 25. Bh3 fxe4 26. fxe4 Nb6 27. Qb3 Nf6 28. Kd3 Nxc4 29. Be6 b5 30. Qc2 Qa3 31. Ke2 b4 32. e5 Ne8 33. Bxe7 bxc3 34. exd6+ Nexd6 35. Bf8 Qb2 36. Kd3 Ne5+ 37. fxe5 c4+ 38. Kd4 Nb5+ 39. Kxc4 Na3+ 40. Kc5 Qb6# 0-1

[Event "Muensterland Regionalliga 1516"]
[Site "Germany"]
[Date "2015.12.05"]
[Round "4.3"]
[White "Gesing, Felix"]
[Black "Graelken, Matthias"]
[Result "1/2-1/2"]
[WhiteElo "1938"]
[BlackElo "2018"]
[PlyCount "55"]
[EventDate "2015.09.05"]
[EventType "team"]
[EventRounds "9"]
[EventCountry "GER"]
[SourceTitle "EXT 2017"]
[Source "ChessBase"]
[SourceDate "2016.10.25"]
[SourceVersion "1"]
[SourceVersionDate "2016.10.25"]
[SourceQuality "1"]
[WhiteTeam "Raesfeld Erle"]
[BlackTeam "Steinfurt"]
[WhiteTeamCountry "GER"]
[BlackTeamCountry "GER"]

1. d4 Nf6 2. Nf3 e6 3. e3 c5 4. Bd3 b6 5. 0-0 Be7 6. b3 cxd4 7. exd4 0-0 8. Bb2 Bb7 9. c4 d6 10. Nc3 Nbd7 11. Re1 Re8 12. Ng5 Nf8 13. Nge4 a6 14. Rc1 Rc8 15. Qf3 Qc7 16. Ba3 Rcd8 17. Qg3 Qb8 18. Nxf6+ Bxf6 19. Ne4 Be7 20. Bb2 d5 21. Qxb8 Rxb8 22. cxd5 exd5 23. Ng3 Bg5 24. Rcd1 g6 25. Bc1 Bf6 26. Be3 Ne6 27. Ne2 Bg7 28. Rc1 1/2-1/2

[Event "Muensterland Regionalliga 1516"]
[Site "Germany"]
[Date "2015.11.14"]
[Round "3.3"]
[White "Van Ackeren, Franz"]
[Black "Graelken, Matthias"]
[Result "1/2-1/2"]
[WhiteElo "1995"]
[BlackElo "2018"]
[PlyCount "95"]
[EventDate "2015.09.05"]
[EventType "team"]
[EventRounds "9"]
[EventCountry "GER"]
[SourceTitle "EXT 2017"]
[Source "ChessBase"]
[SourceDate "2016.10.25"]
[SourceVersion "1"]
[SourceVersionDate "2016.10.25"]
[SourceQuality "1"]
[WhiteTeam "Muenster SK III"]
[BlackTeam "Steinfurt"]
[WhiteTeamCountry "GER"]
[BlackTeamCountry "GER"]

1. Nf3 Nf6 2. d4 e6 3. e3 b6 4. c4 Bb7 5. Bd3 c5 6. 0-0 Be7 7. Nc3 d6 8. d5 e5 9. Nd2 0-0 10. e4 Bc8 11. f4 Ng4 12. Nf3 exf4 13. Bxf4 Bf6 14. Qd2 Re8 15. Rae1 Ne5 16. Re3 Nbd7 17. h3 Nf8 18. Re2 Nfg6 19. Nxe5 Bxe5 20. Bxe5 Nxe5 21. Ref2 Bd7 22. b3 Qe7 23. Be2 a6 24. Bh5 Rf8 25. Be2 Rab8 26. a4 Rbe8 27. Qe3 Qh4 28. Qf4 Qxf4 29. Rxf4 Ng6 30. R4f3 Re5 31. Kh2 f6 32. Bd3 Re7 33. Rg3 Ne5 34. Be2 g6 35. Kh1 Kg7 36. a5 Rb8 37. Ra1 Bc8 38. axb6 Rxb6 39. Bd1 Kf7 40. Bc2 h5 41. Re3 g5 42. Rf1 h4 43. Re2 Kg7 44. Ref2 Rf7 45. Ne2 Rb8 46. Kg1 Bd7 47. Ra1 Bc8 48. Raf1 1/2-1/2

[Event "Muensterland Regionalliga 1516"]
[Site "Germany"]
[Date "2015.09.26"]
[Round "2.4"]
[White "Mueschenich, Stefan"]
[Black "Graelken, Matthias"]
[Result "1/2-1/2"]
[WhiteElo "2082"]
[BlackElo "2018"]
[PlyCount "53"]
[EventDate "2015.09.05"]
[EventType "team"]
[EventRounds "9"]
[EventCountry "GER"]
[SourceTitle "EXT 2017"]
[Source "ChessBase"]
[SourceDate "2016.10.25"]
[SourceVersion "1"]
[SourceVersionDate "2016.10.25"]
[SourceQuality "1"]
[WhiteTeam "Muenster SK II"]
[BlackTeam "Steinfurt"]
[WhiteTeamCountry "GER"]
[BlackTeamCountry "GER"]

1. e4 d5 2. exd5 Nf6 3. Bb5+ Bd7 4. Be2 Nxd5 5. d4 Bf5 6. Nf3 e6 7. a3 Be7 8. c4 Nb6 9. Be3 0-0 10. 0-0 Nc6 11. Nbd2 Bf6 12. Nb3 a5 13. Qd2 a4 14. Nc5 Qc8 15. Bg5 Bxg5 16. Qxg5 Na5 17. Rac1 Rd8 18. Rfd1 Nd7 19. Nxd7 Rxd7 20. Qf4 Nb3 21. Rc3 Qd8 22. c5 c6 23. Rc4 f6 24. Bd3 Bxd3 25. Rxd3 Qe7 26. Re3 g6 27. h4 1/2-1/2

[Event "Muensterland Verbandsliga 1314"]
[Site "Germany"]
[Date "2014.03.15"]
[Round "7.1"]
[White "Graelken, Matthias"]
[Black "Haselhorst, Helmut"]
[Result "0-1"]
[WhiteElo "2029"]
[BlackElo "2060"]
[PlyCount "104"]
[EventDate "2013.09.07"]
[EventType "team-tourn"]
[EventRounds "9"]
[EventCountry "GER"]
[SourceTitle "EXT 2015"]
[Source "ChessBase"]
[SourceDate "2014.11.20"]
[SourceVersion "1"]
[SourceVersionDate "2014.11.20"]
[SourceQuality "1"]
[WhiteTeam "Steinfurt"]
[BlackTeam "Ostbevern Westbevern"]
[WhiteTeamCountry "GER"]
[BlackTeamCountry "GER"]

1. d4 Nf6 2. c4 g6 3. Nc3 Bg7 4. e4 d6 5. Nf3 0-0 6. Be2 Bg4 7. Be3 Nfd7 8. Rc1 e5 9. d5 f5 10. h3 Bxf3 11. Bxf3 Nf6 12. b4 Nbd7 13. Qc2 Kh8 14. h4 fxe4 15. Nxe4 Nxe4 16. Bxe4 Nf6 17. h5 gxh5 18. Bxh7 e4 19. Bxe4 Qe7 20. Bg6 Bh6 21. Bxh5 Bxe3 22. fxe3 Qxe3+ 23. Be2+ Kg7 24. Rh3 Qg1+ 25. Kd2 Qd4+ 26. Ke1 Ne4 27. Qd3 Qg1+ 28. Bf1 Qf2+ 29. Kd1 Qxf1+ 30. Qxf1 Rxf1+ 31. Kc2 Raf8 32. Rxf1 Rxf1 33. Re3 Ng5 34. Re8 c6 35. dxc6 bxc6 36. Rc8 Ne6 37. Kd3 c5 38. bxc5 dxc5 39. Ra8 Rf7 40. Ke4 Kf6 41. Kd3 Ke5 42. Ke3 Rg7 43. a4 Rxg2 44. Rxa7 Ra2 45. a5 Ra3+ 46. Kd2 Kd4 47. a6 Kxc4 48. Kc2 Nd4+ 49. Kb2 Ra5 50. Ra8 Nb5 51. Kc2 Nc7 52. Ra7 Nxa6 0-1

[Event "Muensterland Verbandsliga 1314"]
[Site "Germany"]
[Date "2013.10.05"]
[Round "2.1"]
[White "Hofene, Dieter"]
[Black "Graelken, Matthias"]
[Result "1/2-1/2"]
[WhiteElo "1995"]
[BlackElo "2029"]
[PlyCount "140"]
[EventDate "2013.09.07"]
[EventType "team-tourn"]
[EventRounds "9"]
[EventCountry "GER"]
[SourceTitle "EXT 2015"]
[Source "ChessBase"]
[SourceDate "2014.11.20"]
[SourceVersion "1"]
[SourceVersionDate "2014.11.20"]
[SourceQuality "1"]
[WhiteTeam "Beelen"]
[BlackTeam "Steinfurt"]
[WhiteTeamCountry "GER"]
[BlackTeamCountry "GER"]

1. e4 d5 2. Nc3 dxe4 3. Nxe4 Qd5 4. Qf3 Nc6 5. Ng3 Nf6 6. Qxd5 Nxd5 7. c3 e5 8. Bb5 Bd7 9. Nf3 f6 10. 0-0 0-0-0 11. d4 exd4 12. Bxc6 Bxc6 13. Nxd4 Bd7 14. a3 c5 15. Ndf5 Bb5 16. Re1 g6 17. Ne3 Nb6 18. b4 f5 19. a4 Nxa4 20. c4 Bg7 21. Ra2 Nc3 22. Ra5 Bd7 23. Rxc5+ Kb8 24. Nd5 Nxd5 25. Rxd5 Bc6 26. Bf4+ Ka8 27. Rd6 Rxd6 28. Bxd6 Re8 29. Rxe8+ Bxe8 30. Nf1 b6 31. Ne3 Bf7 32. Kf1 Kb7 33. b5 a5 34. bxa6+ Kxa6 35. Ke2 Kb7 36. Kd3 Kc6 37. Be7 Be5 38. g3 Be6 39. Nc2 Kd7 40. Bb4 Kc7 41. Nd4 Bc8 42. f4 Bf6 43. Nb5+ Kd7 44. Nd6 Ba6 45. Nf7 Bb7 46. Ne5+ Ke6 47. Ke3 g5 48. Nf3 Bxf3 49. Kxf3 g4+ 50. Ke2 Be7 51. Bc3 Bc5 52. Be5 Kd7 53. Kf1 Kc6 54. Bc3 b5 55. cxb5+ Kxb5 56. Kg2 Kc4 57. Be5 Kd3 58. h4 gxh3+ 59. Kxh3 h5 60. Kh4 Bf2 61. Kxh5 Bxg3 62. Kg5 Ke4 63. Bd6 Be1 64. Bc7 Bb4 65. Kh4 Be7+ 66. Kg3 Bf6 67. Bd6 Bc3 68. Bc7 Be1+ 69. Kg2 Ke3 70. Bd6 Ke4 1/2-1/2

[Event "Muensterland Verbandsklasse-B 1112"]
[Site "Germany"]
[Date "2011.10.08"]
[Round "2.1"]
[White "Lerke, Bernd"]
[Black "Graelken, Matthias"]
[Result "1/2-1/2"]
[WhiteElo "1851"]
[BlackElo "2026"]
[PlyCount "20"]
[EventDate "2011.09.17"]
[EventType "team-tourn"]
[EventRounds "9"]
[EventCountry "GER"]
[SourceTitle "EXT 2013"]
[Source "ChessBase"]
[SourceDate "2012.11.22"]
[SourceVersion "1"]
[SourceVersionDate "2012.11.22"]
[SourceQuality "1"]
[WhiteTeam "Nordwalde"]
[BlackTeam "Steinfurt"]
[WhiteTeamCountry "GER"]
[BlackTeamCountry "GER"]

1. e4 d5 2. exd5 Qxd5 3. c4 Qe4+ 4. Be2 Qxg2 5. Bf3 Qg6 6. Ne2 e5 7. Nbc3 c6 8. Rg1 Qe6 9. d4 exd4 10. Qxd4 Nf6 1/2-1/2

[Event "Muensterland op 28th"]
[Site "Senden"]
[Date "2010.10.22"]
[Round "8"]
[White "Graelken, Matthias"]
[Black "Korth, Daniel"]
[Result "1/2-1/2"]
[WhiteElo "2136"]
[BlackElo "2201"]
[PlyCount "92"]
[EventDate "2010.10.16"]
[EventType "swiss"]
[EventRounds "9"]
[EventCountry "GER"]
[SourceTitle "CBM 138 Extra"]
[Source "ChessBase"]
[SourceDate "2010.10.29"]
[SourceVersion "1"]
[SourceVersionDate "2010.10.29"]
[SourceQuality "1"]

1. d4 d5 2. Bf4 c6 3. e3 Qb6 4. Qc1 Bf5 5. Nf3 Nf6 6. Be2 e6 7. h3 Be7 8. 0-0 0-0 9. c4 Nbd7 10. Nc3 Ne4 11. c5 Qd8 12. b4 Qc8 13. Qb2 Nxc3 14. Qxc3 Bd8 15. a4 h6 16. b5 Bc7 17. Bxc7 Qxc7 18. Ra3 f6 19. Rb3 Rf7 20. Ra1 Raf8 21. Ra2 e5 22. Rab2 e4 23. Nh2 Nb8 24. b6 axb6 25. Rxb6 Bc8 26. a5 f5 27. Bf1 Rf6 28. R6b3 R8f7 29. Qb4 f4 30. Qb6 Qe7 31. Qa7 Qc7 32. Qb6 Qe7 33. Ng4 Bxg4 34. hxg4 Qf8 35. a6 Nxa6 36. Bxa6 bxa6 37. Qxa6 Kh7 38. Rb8 Qe7 39. R2b7 Qe6 40. Rxf7 Rxf7 41. exf4 Rxf4 42. Qc8 Qxg4 43. Qg8+ Kg6 44. Qe8+ Kh7 45. Qg8+ Kg6 46. Qe8+ Kh7 1/2-1/2

[Event "Muensterland op 28th"]
[Site "Senden"]
[Date "2010.10.19"]
[Round "5"]
[White "Terhorst, Jochen"]
[Black "Graelken, Matthias"]
[Result "1-0"]
[WhiteElo "2185"]
[BlackElo "2136"]
[PlyCount "85"]
[EventDate "2010.10.16"]
[EventType "swiss"]
[EventRounds "9"]
[EventCountry "GER"]
[SourceTitle "CBM 138 Extra"]
[Source "ChessBase"]
[SourceDate "2010.10.29"]
[SourceVersion "1"]
[SourceVersionDate "2010.10.29"]
[SourceQuality "1"]

1. e4 Nc6 2. Nc3 e6 3. d4 d5 4. Nf3 Nf6 5. Bd3 dxe4 6. Nxe4 Nb4 7. Nxf6+ gxf6 8. Be2 c5 9. a3 Nc6 10. Be3 cxd4 11. Nxd4 Bd7 12. Nb5 a6 13. Nd6+ Bxd6 14. Qxd6 Qb8 15. Qd2 Qc7 16. h4 0-0-0 17. 0-0-0 Ne5 18. Qb4 Nc6 19. Qc5 Ne5 20. Qb4 Nc6 21. Qe4 Ne5 22. f3 f5 23. Qb4 Nc6 24. Qc5 Rhg8 25. g4 f4 26. Bf2 Qe5 27. Rhe1 Qxc5 28. Bxc5 Rde8 29. Bd3 h6 30. Be4 Rg7 31. Rd3 e5 32. Bd5 f6 33. Be4 Be6 34. Bb6 Rd7 35. Red1 Ree7 36. Rd6 Kb8 37. R1d2 Rxd6 38. Rxd6 Re8 39. c3 Kc8 40. h5 Kb8 41. Kc2 Kc8 42. b4 Nb8 43. Bg6 1-0

[Event "Muensterland Verbandsliga 0910"]
[Site "Germany"]
[Date "2009.12.12"]
[Round "4.3"]
[White "Ringwelski, Marius"]
[Black "Graelken, Matthias"]
[Result "1/2-1/2"]
[WhiteElo "1995"]
[BlackElo "2026"]
[PlyCount "95"]
[EventDate "2009.09.26"]
[EventType "team-tourn"]
[EventRounds "9"]
[EventCountry "GER"]
[SourceTitle "EXT 2011"]
[Source "ChessBase"]
[SourceDate "2010.11.26"]
[SourceVersion "1"]
[SourceVersionDate "2010.11.26"]
[SourceQuality "1"]
[WhiteTeam "Sendenhorst"]
[BlackTeam "Steinfurt"]
[WhiteTeamCountry "GER"]
[BlackTeamCountry "GER"]

1. c4 e6 2. Nc3 c5 3. Nf3 b6 4. d4 cxd4 5. Nxd4 a6 6. e4 Bb7 7. Be3 Qc7 8. a3 Nf6 9. f3 Be7 10. Be2 0-0 11. Rc1 d6 12. 0-0 Nbd7 13. Qd2 Rac8 14. Rfd1 Qb8 15. Bf1 Rfe8 16. Kh1 Ne5 17. Na4 Nfd7 18. b4 Bd8 19. Bg1 h5 20. h3 h4 21. Qe3 Nf6 22. Bf2 Nh5 23. f4 Ng6 24. Ne2 Ngxf4 25. Nxf4 Bg5 26. Qxb6 Bxf4 27. Rc3 Bxe4 28. Qxb8 Rxb8 29. Bxh4 Be5 30. Rcc1 Bf4 31. Rc3 Be5 32. Rcc1 Rec8 33. c5 Bf4 34. Bxa6 Bxc1 35. Bxc8 dxc5 36. Nxc5 Rxc8 37. Nxe4 Bxa3 38. b5 Rc4 39. Rd8+ Kh7 40. Ng5+ Kg6 41. Nf3 Rc1+ 42. Kh2 Bc5 43. g3 Rb1 44. Ne5+ Kh7 45. Nxf7 Rb2+ 46. Kh1 Rb1+ 47. Kh2 Rb2+ 48. Kh1 1/2-1/2

[Event "Muensterland Verbandsklasse-B 0708"]
[Site "Germany"]
[Date "2008.04.12"]
[Round "8.3"]
[White "Graelken, Matthias"]
[Black "Woestmann, Ulrich"]
[Result "1-0"]
[WhiteElo "1964"]
[BlackElo "2005"]
[PlyCount "79"]
[EventDate "2007.09.15"]
[EventType "team"]
[EventRounds "9"]
[EventCountry "GER"]
[SourceTitle "EXT 2009"]
[Source "ChessBase"]
[SourceDate "2008.11.26"]
[SourceVersion "1"]
[SourceVersionDate "2008.11.26"]
[SourceQuality "1"]
[WhiteTeam "Steinfurt"]
[BlackTeam "Sendenhorst"]
[WhiteTeamCountry "GER"]
[BlackTeamCountry "GER"]

1. d4 Nf6 2. Bg5 Ne4 3. Bf4 c5 4. f3 Qa5+ 5. c3 Nf6 6. d5 e6 7. e4 d6 8. Qd2 e5 9. Be3 b5 10. a4 c4 11. Na3 Bd7 12. axb5 Bxb5 13. Qc1 Nbd7 14. b4 Qa6 15. Nxc4 Qc8 16. Nxd6+ Bxd6 17. Bxb5 0-0 18. Bc6 Rb8 19. Ne2 Nb6 20. 0-0 Nh5 21. Rxa7 f5 22. exf5 Nc4 23. Bd7 Qd8 24. Be6+ Kh8 25. Bf2 Nf4 26. Nxf4 exf4 27. Bd4 Rf6 28. Rd7 Qf8 29. Re1 Ne3 30. Rxe3 fxe3 31. Qxe3 Ra8 32. Qg5 Ra1+ 33. Kf2 Ra2+ 34. Kf1 Ra1+ 35. Ke2 Ra2+ 36. Kd3 h6 37. Qg4 Be7 38. d6 Rxe6 39. fxe6 Bg5 40. Bxg7+ 1-0